000 00323nam a22001337a 4500
008 170424b xxu||||| |||| 00| 0 eng d
020 _a047165246
041 _aeng
080 _a54
100 _a12
101 _aSHM
245 _aCEMICAL PRINCIPLES AND THEIR BIOLOGICAL IMPLACATIONS
_cO CONNOR.R.E
942 _2udc
_cBK
999 _c11721
_d11721